Statistiche per Stati del G15

Clicka qui per fare il quiz!

Statistiche generali

  • Questo quiz è stato fatto 4 volte
  • Il punteggio medio è 13 su 17

Statistiche sulle risposte

ContinenteNazione% Corretto
America del SudArgentina
100%
America del SudBrasile
100%
AfricaEgitto
100%
America del NordGiamaica
100%
Asia India
100%
Asia Indonesia
100%
America del NordMessico
100%
Africa Senegal
100%
America del Sud Venezuela
100%
Africa Algeria
67%
America del SudCile
67%
Asia Iran
67%
Africa Kenya
67%
Africa Nigeria
67%
Asia Malaysia
33%
Asia Sri Lanka
33%
Africa Zimbabwe
33%

Distribuzione punteggi

Percentile per numero di risposta

Percentuale di utenti per punteggio

I tuoi punteggi nel tempo

Non hai fatto questo quiz